000 00874nam a22001817a 4500
003 OSt
005 20251212085932.0
008 251212b |||||||| |||| 00| 0 eng d
040 _cDCL
082 _a၂၉၄.၃၈၂၃
245 0 0 _aလက်‌ရွေးစင်သုတ်များအတွဲ(၃) = The Selected Suttas, Volume III
264 _aစစ်ကိုင်း ၊
_bသီတဂူကမ္ဘာ့ဗုဒ္ဓတက္ကသိုလ်၊
_c၂၀၀၆။
300 _aXII, ၂၈၁ စာမျက်နှာ ၊
_c၂၃ စင်တီ။
490 _aသီတဂူစာစဉ်
_v၁၁၇
500 _aမြန်မာ-အင်္ဂလိပ် နှစ်ဘာသာပါဝင်သည်။
650 _aသုတ်တရားတော်များ။
942 _2ddc
_cSHORT TERM
_n0
999 _c2690
_d2690